Obras completas (y otros cuentos) / (Registro nro. 186)

000 -CABECERA
campo de control de longitud fija 00681nam a2200205 a 4500
001 - NÚMERO DE CONTROL
campo de control 000001944
005 - FECHA Y HORA DE LA ÚLTIMA TRANSACCIÓN
campo de control 20200120221752.0
008 - DATOS DE LONGITUD FIJA--INFORMACIÓN GENERAL
campo de control de longitud fija 990223s1994 col gr 0 000 d
020 ## - NÚMERO INTERNACIONAL ESTÁNDAR DEL LIBRO
Número Internacional Estándar del Libro 958-04-2648-1
090 ## - LOCALMENTE ASIGNADO TIPO-LC NÚMERO DE CLASIFICACIÓN (OCLC); NÚMERO DE CLASIFICACIÓN LOCAL (RLIN)
Número de clasificación (OCLC) (R) ; Numero de clasificación, CALL (RLIN) (NR) AC
Número cutter local (OCLC) ; Número de libro/Signatura topográfica íntegra, CALL (RLIN) MON
100 0# - ENTRADA PRINCIPAL--NOMBRE DE PERSONA
Nombre de persona Monterroso, Augusto
245 10 - MENCIÓN DE TÍTULO
Título Obras completas (y otros cuentos) /
Mención de responsabilidad, etc. Augusto Monterroso.
260 ## - PUBLICACIÓN, DISTRIBUCIÓN, ETC.
Lugar de publicación, distribución, etc. Santafé de Bogotá :
Nombre del editor, distribuidor, etc. Norma,
Fecha de publicación, distribución, etc. 1994.
300 ## - DESCRIPCIÓN FÍSICA
Extensión 120p.
490 #0 - MENCIÓN DE SERIE
Mención de serie Colección cara y cruz
500 ## - NOTA GENERAL
Nota general Ej.1 de Biblioteca Mosquera: 2a. reimp. de 2005; ISBN: 9580467552
505 ## - NOTA DE CONTENIDO CON FORMATO
Nota de contenido con formato A propósito de Augusto Monterroso y su obra. [Santafé de Bogota]: Norma, [1994]. 81p.
650 14 - PUNTO DE ACCESO ADICIONAL DE MATERIA--TÉRMINO DE MATERIA
Término de materia o nombre geográfico como elemento de entrada CUENTO
650 14 - PUNTO DE ACCESO ADICIONAL DE MATERIA--TÉRMINO DE MATERIA
Término de materia o nombre geográfico como elemento de entrada LITERATURA GUATEMALTECA
Existencias
Estado de retiro Estado de pérdida Fuente del sistema de clasificación o colocación Estado dañado No para préstamo Código de colección Localización permanente Ubicación/localización actual Fecha de adquisición Número de inventario Total de préstamos Signatura topográfica completa Código de barras Fecha visto por última vez Fecha del último préstamo Número de copia Precio válido a partir de Tipo de ítem Koha Nota pública Ubicación en estantería Fuente de adquisición
          Literatura Adulto Biblioteca Pública San Juan Bosco Biblioteca Pública San Juan Bosco 20/01/2020 99178 1 AC MON MOS001184 06/01/2021 21/12/2020 ej.1 20/01/2020 Libro Literatura Quince días    
          Literatura Adulto Biblioteca Pública San Juan Bosco Biblioteca Pública San Juan Bosco 20/01/2020 99179 1 AC MON MOS008706 21/07/2022 05/07/2022 ej.2 20/01/2020 Libro Literatura Quince días    
          Literatura Adulto Biblioteca Pública San Juan Bosco Biblioteca Pública San Juan Bosco 20/01/2020 99180   AC MON MOS008707 05/01/2021   Ej.3 20/01/2020 Libro Literatura Quince días Literatura  
          Literatura Adulto Biblioteca Pública San Juan Bosco Biblioteca Pública San Juan Bosco 24/09/2024 NT   AC MON MOS503928 24/09/2024   Ej.4 24/09/2024 Libro Literatura Quince días Literatura Donación

© Todos los derechos reservados para la Biblioteca Pública Municipal San Juan Bosco, 2020
Secretaria de Cultura de Mosquera
Carrera 3 N° 10 Esquina Centro Cultural Barrio El Carmén Teléfono: 8270830 Ext: 34
Funcionando con KOHA
Contacto: Biblioteca Pública Municipal San Juan Bosco/ bibliotecasanjuanbosco@mosquera-cundinamarca.gov.co
Mosquera, Cundinamarca